00286 a2200133 4500001000700000020002200007040001100029100003700040240002800077245002300105300000700128362000900135440000800144188372 a978-85-7153-228-1 cMagnum aPaula, Liana Salmeron Botelho de10aÓculos de ouvidolpor10aÓculos de ouvido a240 a2009 1aRHJ